000 00717nam a22002657a 4500
001 BR8304890
003 BR-BrBNA
005 20230928091741.0
007 ta
008 230509b bl.||||| |||| 00| 0 por d
040 _aBR-BrBNA
_bpor
_cBiblioteca Nacional de Agricultura
041 _a(Por)
072 _aD50; E50
_b/G514
090 _ D50 BR8304890
100 1 _aPires, A.
245 1 _aAspectos teoricos e praticos sobre trabalho rural (Lei 5889 de 8/6/1973)[Brasil]
_b2. ed.
260 3 _aSalvador, BA (Brasil):
_c1983.
300 _a160 p.
500 _a13 ref.
650 _aTRABALHO
650 _aTRABALHADOR RURAL
650 _aLEGISLACAO
909 _a202309
_bLucia
_c55
_dLucia Elande
942 _cBK
999 _c35325
_d35325